000 00868nam a2200253Ia 4500
003 OSt
005 20220923211057.0
006 a|||||r|||| 00| 0
007 ta
008 Pun
020 _a8177701290 (hbk)
_c250
024 _a243,765
037 _b320, 08/10/2010, H.K. Prakashan
_cTextual
040 _aARTS
_cARTS
_bPun
041 _2Pun
_aPun
082 _aO153:g, P5
100 _aਬੇਦੀ, ਹਰਚੰਦ ਸਿੰਘ
_9156315
245 0 _aਪਰਵਾਸ ਅਤੇ ਪਰਵਾਸੀ ਸਹਿਤ
260 _aਅੰਮ੍ਰਿਤਸਰ
_b ਗੁਰੂ ਨਾਨਕ ਦੇਵ ਯੂਨੀਵਰਸਿਟੀ
_c2005
300 _a384ਪੰ
_ccm.
650 _aਪੰਜਾਬੀ ਸਾਹਿਤ
942 _hO153:g, P5
_cTEXL
_2CC
999 _c294900
_d294900